[Event "Reykjavik Open 2026"]
[Site "Reykjavik ISL"]
[Date "2026.03.28"]
[Round "5.188"]
[White "Barlage, Stefan"]
[Black "Sigurdardottir, Sigrun Tara"]
[Result "0-1"]
[WhiteElo "1571"]
[BlackElo "1470"]
[WhiteFideId "34698558"]
[BlackFideId "2322030"]
[EventDate "2026.03.25"]

1. e4 e6 2. d4 d5 3. exd5 exd5 4. Nf3 Nf6 5. Bd3 Bd6 6. O-O O-O 7. h3 c6 8. Nbd2
h6 9. Ne5 Re8 10. Ndf3 Nbd7 11. Bf4 Bxe5 12. dxe5 Nh7 13. c3 Ndf8 14. Bc2 Ne6
15. Bg3 Nhg5 16. Re1 Nxf3+ 17. Qxf3 Qe7 18. Re3 Nf8 19. Rae1 Be6 20. Bf5 Bxf5
21. Qxf5 Qe6 22. Qd3 Re7 23. f4 Qd7 24. f5 Qc8 25. Bh4 Re8 26. Rg3 Nh7 27. f6 g6
28. Qe3 g5 29. Bxg5 hxg5 30. Rxg5+ Kh8 31. Rh5 Re6 32. Qf4 Qg8 33. Re3 Qg6 34.
Rh6 Qb1+ 35. Kh2 Rg8 36. Rg3 Ree8 37. e6 Qe4 38. Qxe4 dxe4 39. exf7 Rxg3 40.
Kxg3 Rf8 41. Kf4 Rxf7 42. Rh4 Rxf6+ 43. Kxe4 Rf2 44. g3 Rxb2 45. a4 Ra2 46. Kd3
Rf2 47. Ke3 Rf7 48. Rd4 Ng5 49. Rh4+ Nh7 50. Rd4 Kg7 51. Rg4+ Kf8 52. h4 Nf6 53.
Rc4 Nd5+ 54. Ke2 Kg7 55. a5 Rf6 56. h5 a6 57. Rg4+ Kh7 58. c4 Ne7 59. Ke3 Kh6
60. Re4 Nf5+ 61. Kd3 Rd6+ 62. Kc3 Nxg3 63. Rd4 Ne2+ 0-1

[Event "Reykjavik Open 2026"]
[Site "Reykjavik ISL"]
[Date "2026.03.28"]
[Round "5.189"]
[White "Skulason, Robert Heidar"]
[Black "Karlsson, Sighvatur"]
[Result "1-0"]
[WhiteElo "1474"]
[BlackElo "1544"]
[WhiteFideId "2332825"]
[BlackFideId "2307936"]
[EventDate "2026.03.25"]

1. e4 e5 2. Nf3 Nc6 3. Bc4 h6 4. O-O Nf6 5. Nc3 Bc5 6. d3 O-O 7. Be3 Be7 8. Qd2
Nh7 9. Nd5 Bg5 10. Nxg5 Nxg5 11. Bxg5 hxg5 12. c3 Na5 13. Bb3 Nxb3 14. axb3 c6
15. Ne3 d6 16. d4 Qe7 17. d5 g6 18. Rfd1 c5 19. c4 f5 20. exf5 gxf5 21. Qe2 g4
22. f3 gxf3 23. gxf3 Qg5+ 24. Qg2 Qxg2+ 25. Kxg2 f4 26. Nc2 Bf5 27. Na3 a6 28.
Kf2 Kf7 29. Re1 Rh8 30. Rh1 e4 31. h4 e3+ 32. Ke2 Rag8 33. Rh2 Rg7 34. Rah1 Rhg8
35. h5 Rg2+ 36. Ke1 Rg1+ 37. Rxg1 Rxg1+ 38. Ke2 Ra1 39. Rh4 Rxa3 40. bxa3 1-0

[Event "Reykjavik Open 2026"]
[Site "Reykjavik ISL"]
[Date "2026.03.28"]
[Round "5.190"]
[White "Bajnath, Amresh"]
[Black "Schram Theodor Noel"]
[Result "1-0"]
[WhiteElo "1529"]
[BlackElo "1460"]
[WhiteFideId "40114716"]
[BlackFideId "2331209"]
[EventDate "2026.03.25"]

1. d4 d5 2. c4 e6 3. Nc3 Bb4 4. Nf3 Nf6 5. e3 Ne4 6. Bd2 O-O 7. Nxe4 dxe4 8.
Bxb4 exf3 9. Qxf3 Re8 10. Bd3 Nc6 11. Bc3 Ne5 12. Bxh7+ Kxh7 13. Qh5+ Kg8 14.
Qxe5 Bd7 15. d5 exd5 16. Qxg7# 1-0

[Event "Reykjavik Open 2026"]
[Site "Reykjavik ISL"]
[Date "2026.03.28"]
[Round "6.51"]
[White "Tinkler, Paul"]
[Black "Loncke, Matthieu"]
[Result "0-1"]
[WhiteElo "1897"]
[BlackElo "2263"]
[WhiteFideId "30961289"]
[BlackFideId "45197148"]
[EventDate "2026.03.25"]

1. e4 c5 2. Nc3 Nc6 3. Nge2 Nf6 4. g3 d5 5. exd5 Nd4 6. Bg2 Bg4 7. h3 Bf3 8. O-O
Nxe2+ 9. Nxe2 Bxg2 10. Kxg2 Qxd5+ 11. f3 e6 12. d3 Be7 13. Nc3 Qd6 14. Qe2 O-O
15. Bg5 h6 16. Bxf6 Bxf6 17. Qe4 Qb6 18. Rab1 Rfd8 19. Qc4 Rd4 20. Qb5 Qc7 21.
Ne4 Be7 22. a3 Rad8 23. Rbe1 a6 24. Qb3 b5 25. Re2 Qb7 26. Qc3 c4 27. dxc4 Rxc4
28. Qe3 Rcd4 29. Rff2 R4d5 30. Rd2 Qc7 31. Rfe2 Qc6 32. Rxd5 Rxd5 33. Rd2 h5 34.
Rxd5 exd5 35. Nc3 Bf6 36. Qd3 Bxc3 37. bxc3 Qc5 38. Kf1 Qxa3 39. Ke2 Qc5 40. Kd2
a5 41. g4 hxg4 42. hxg4 a4 43. Kc1 g6 44. Kb2 Kf8 45. f4 b4 46. cxb4 Qxb4+ 47.
Ka2 Qxf4 48. Qxd5 Qxg4 49. c4 g5 50. Ka3 Ke7 51. c5 Qh3+ 52. Kb4 Qb3+ 0-1

[Event "Reykjavik Open 2026"]
[Site "Reykjavik ISL"]
[Date "2026.03.28"]
[Round "6.52"]
[White "Sterck, Arno"]
[Black "Bartlett, Aiden Emerson"]
[Result "1-0"]
[WhiteTitle "FM"]
[WhiteElo "2252"]
[BlackElo "1919"]
[WhiteFideId "228249"]
[BlackFideId "39922405"]
[EventDate "2026.03.25"]

1. Nf3 d5 2. e3 c5 3. b3 a6 4. Bb2 Nc6 5. d4 cxd4 6. Nxd4 Nf6 7. Be2 Qc7 8. Nxc6
bxc6 9. c4 e5 10. Nc3 Bd6 11. Rc1 Qb7 12. O-O O-O 13. cxd5 cxd5 14. Na4 Bf5 15.
f4 exf4 16. Bxf6 gxf6 17. Bd3 Bxd3 18. Qxd3 Qb5 19. Qf5 d4 20. Qxf6 Be5 21. Qg5+
Kh8 22. Rc5 Qb7 23. Qxe5+ f6 24. Qxd4 Rad8 25. Qxf4 Rd2 26. e4 1-0

[Event "Reykjavik Open 2026"]
[Site "Reykjavik ISL"]
[Date "2026.03.28"]
[Round "6.53"]
[White "Stolyarov, Alan"]
[Black "Brzezina, Pawel"]
[Result "0-1"]
[BlackTitle "CM"]
[WhiteElo "1890"]
[BlackElo "2248"]
[WhiteFideId "30906008"]
[BlackFideId "21078866"]
[EventDate "2026.03.25"]

1. d4 Nf6 2. c4 e6 3. Nc3 Bb4 4. Bd2 O-O 5. e3 d5 6. Nf3 Nbd7 7. a3 Bxc3 8. Bxc3
b6 9. cxd5 exd5 10. Bd3 Bb7 11. O-O Ne4 12. Rc1 Re8 13. Qe2 a6 14. Rc2 Qf6 15.
Rfc1 c6 16. a4 a5 17. Be1 Qd6 18. Ra1 f5 19. b3 Re7 20. Rb2 c5 21. Rc2 f4 22.
Bd2 Nxd2 23. Qxd2 fxe3 24. fxe3 Rae8 25. Re1 Qh6 26. Bb5 Bc6 27. Bxc6 Qxc6 28.
dxc5 Nxc5 29. Nd4 Qg6 30. Nb5 Kh8 31. Nd4 h6 32. Re2 Rf7 33. Rc1 Ref8 34. Rd1
Qg4 35. Rde1 Ne4 36. Qc2 Ng5 37. Kh1 Rf1+ 0-1

[Event "Reykjavik Open 2026"]
[Site "Reykjavik ISL"]
[Date "2026.03.28"]
[Round "6.54"]
[White "Plaskan, Jure"]
[Black "Karlinder, Lovis Neo"]
[Result "1-0"]
[WhiteElo "2237"]
[BlackElo "1903"]
[WhiteFideId "14605252"]
[BlackFideId "34664785"]
[EventDate "2026.03.25"]

1. e4 c6 2. Nc3 d5 3. Nf3 dxe4 4. Nxe4 Nf6 5. Qe2 Nxe4 6. Qxe4 Be6 7. c3 Nd7 8.
d4 Nf6 9. Qc2 Bg4 10. Ne5 Bh5 11. Bc4 e6 12. O-O Bd6 13. Bg5 Qc7 14. f4 O-O-O
15. b4 Bg6 16. Qe2 Rde8 17. b5 c5 18. Bh4 Nd5 19. Bxd5 exd5 20. Qg4+ Kb8 21. f5
f6 22. fxg6 fxe5 23. Rf7 Qb6 24. gxh7 Rxh7 25. Qd7 Reh8 26. Be7 Rh6 27. Raf1
Bxe7 28. Qxe7 Rc8 29. Rf8 Rh8 30. Rxh8 Rxh8 31. Rf8+ Rxf8 32. Qxf8+ Kc7 33.
Qxg7+ 1-0

[Event "Reykjavik Open 2026"]
[Site "Reykjavik ISL"]
[Date "2026.03.28"]
[Round "6.55"]
[White "Mahalakshmi, M"]
[Black "Paricharak, Shardul"]
[Result "1-0"]
[WhiteTitle "WIM"]
[WhiteElo "2232"]
[BlackElo "1895"]
[WhiteFideId "5001080"]
[BlackFideId "7500432"]
[EventDate "2026.03.25"]

1. d4 Nf6 2. Nf3 b6 3. e3 Bb7 4. Bd3 g6 5. O-O Bg7 6. c4 e6 7. Nc3 O-O 8. e4 d6
9. Bf4 Nbd7 10. Qd2 e5 11. Bg5 exd4 12. Nxd4 Nc5 13. f3 Qd7 14. Bc2 a5 15. b3
Rfe8 16. Rad1 Rad8 17. Nd5 Bxd5 18. cxd5 Qc8 19. a3 Qb7 20. b4 axb4 21. axb4
Ncd7 22. Ba4 Qa6 23. Bb5 Nxe4 24. Bxa6 Nxd2 25. Rxd2 Nf6 26. Bb5 Rf8 27. Bc6 h6
28. Bxf6 Bxf6 29. Nb5 Rc8 30. Ra2 g5 31. Ra7 Bd8 32. Re1 f5 33. Bd7 Rb8 34. Nxc7
Kg7 35. Ne6+ 1-0

[Event "Reykjavik Open 2026"]
[Site "Reykjavik ISL"]
[Date "2026.03.28"]
[Round "6.56"]
[White "Hermannsson, Sigurbjorn"]
[Black "Vincenti, Leonardo"]
[Result "0-1"]
[BlackTitle "FM"]
[WhiteElo "1887"]
[BlackElo "2226"]
[WhiteFideId "2325128"]
[BlackFideId "28550820"]
[EventDate "2026.03.25"]

1. e4 c5 2. Nf3 d6 3. d4 cxd4 4. Nxd4 Nf6 5. Nc3 a6 6. a3 b5 7. Nd5 Nxd5 8. exd5
Bb7 9. c4 bxc4 10. Bxc4 Qc7 11. Qa4+ Qd7 12. Qb3 g6 13. O-O Bg7 14. Be3 O-O 15.
Rac1 Rc8 16. f4 Rc7 17. f5 Qc8 18. fxg6 hxg6 19. Nf3 Nd7 20. Ng5 Bf6 21. Ne4 Be5
22. Be2 Rb8 23. Rxc7 Qxc7 24. Rc1 Qa5 25. Nc3 Ba8 26. Qc4 Rxb2 27. Qc8+ Nf8 28.
Bh6 Qc5+ 29. Qxc5 dxc5 30. Bxa6 Bd4+ 31. Kf1 Rf2+ 32. Ke1 Rxg2 33. Ne2 Rxh2 34.
Bxf8 Bf2+ 35. Kd2 Kxf8 36. Bc4 Rh5 37. Kc3 Bxd5 38. Bxd5 Rxd5 39. a4 Be3 40. Rc2
g5 41. a5 Bd4+ 0-1

[Event "Reykjavik Open 2026"]
[Site "Reykjavik ISL"]
[Date "2026.03.28"]
[Round "6.57"]
[White "Van Meter, Lester"]
[Black "Fossheim, Yngve"]
[Result "1/2-1/2"]
[WhiteTitle "FM"]
[WhiteElo "1882"]
[BlackElo "2208"]
[WhiteFideId "2001691"]
[BlackFideId "1512277"]
[EventDate "2026.03.25"]

1. c4 Nf6 2. Nf3 g6 3. Nc3 Bg7 4. e4 d6 5. d4 O-O 6. Be2 e5 7. O-O Nc6 8. d5 Ne7
9. b4 a5 10. bxa5 Rxa5 11. a4 b6 12. Nd2 Ra8 13. Nb3 Ne8 14. a5 c5 15. axb6 Rxa1
16. Nxa1 Qxb6 17. Qb3 Qxb3 18. Nxb3 f5 19. Rd1 fxe4 20. Nxe4 Nf5 21. Bg4 Ba6 22.
Nbxc5 dxc5 23. d6 Nf6 24. d7 Rd8 25. Bg5 Rxd7 26. Bxf6 Rxd1+ 27. Bxd1 Bxc4 28.
Bxg7 Kxg7 29. Nxc5 Nd6 30. f3 Bb5 31. Kf2 Kf6 32. Be2 Bxe2 33. Kxe2 h5 34. g3 g5
35. Ke3 Kf5 36. h3 Nc4+ 37. Kd3 Nb2+ 38. Ke3 Nc4+ 39. Kd3 Nb2+ 1/2-1/2

[Event "Reykjavik Open 2026"]
[Site "Reykjavik ISL"]
[Date "2026.03.28"]
[Round "6.58"]
[White "Geistlich, Alex"]
[Black "Birkisson, Bardur Orn"]
[Result "1/2-1/2"]
[BlackTitle "FM"]
[WhiteElo "1879"]
[BlackElo "2207"]
[WhiteFideId "1373013"]
[BlackFideId "2310597"]
[EventDate "2026.03.25"]

1. d4 d5 2. Nf3 Nf6 3. e3 Bf5 4. c4 c6 5. Nc3 e6 6. Nh4 Be4 7. f3 Bg6 8. Qb3 Qc7
9. Bd2 Be7 10. Nxg6 hxg6 11. O-O-O Nbd7 12. Kb1 dxc4 13. Bxc4 b5 14. Bd3 a6 15.
Qc2 Rc8 16. Ne4 c5 17. dxc5 Nxe4 18. Bxe4 Nxc5 19. h3 O-O 20. h4 Nxe4 21. Qxe4
Qc4 22. Qxc4 Rxc4 23. e4 Bf6 24. Rc1 Rfc8 25. h5 gxh5 26. Rxh5 g6 27. Rhh1 Rb8
28. Bf4 Rbc8 29. Rhd1 a5 30. b3 R4c6 31. Rxc6 Rxc6 32. Rc1 Ra6 33. Rc8+ Kg7 34.
Rb8 b4 35. Rb5 Bc3 36. e5 f6 37. Rb7+ Kf8 38. exf6 Bxf6 39. Rc7 g5 40. Be3 Ke8
41. Ra7 Rd6 42. Rxa5 g4 43. Kc2 gxf3 44. gxf3 Bc3 45. a3 Rc6 46. Kd3 bxa3 47.
Rxa3 Be1 48. Ke4 Rc3 49. Bd4 Rc6 50. Ra7 Rc2 51. Rb7 Re2+ 52. Kf4 Bd2+ 53. Kg3
e5 54. Bc5 Kd8 55. Kg4 e4 56. fxe4 Rxe4+ 57. Kf5 Re1 58. b4 Kc8 59. Rh7 Rb1 60.
Ke6 Bxb4 61. Bxb4 Rxb4 1/2-1/2

[Event "Reykjavik Open 2026"]
[Site "Reykjavik ISL"]
[Date "2026.03.28"]
[Round "6.59"]
[White "Singh, Ian Avery"]
[Black "Matsumura, Cocoro"]
[Result "0-1"]
[BlackTitle "CM"]
[WhiteElo "1863"]
[BlackElo "2202"]
[WhiteFideId "39902676"]
[BlackFideId "36087114"]
[EventDate "2026.03.25"]

1. e4 c5 2. Nf3 d6 3. d4 cxd4 4. Nxd4 Nf6 5. Nc3 a6 6. f3 e5 7. Nb3 Be6 8. Be3
Be7 9. Qd2 O-O 10. O-O-O Nbd7 11. g4 b5 12. g5 Nh5 13. Nd5 Bxd5 14. exd5 f5 15.
gxf6 Bxf6 16. Na5 Qe8 17. Nc6 Nf4 18. Kb1 Qh5 19. Bd3 Nxd3 20. Qxd3 Qxf3 21.
Rdf1 Qh3 22. Qe4 Kh8 23. Rf3 Qh4 24. Qxh4 Bxh4 25. Rhf1 Rf6 26. b4 Raf8 27. Rxf6
Rxf6 28. Rxf6 Nxf6 29. Ne7 Ng4 30. Nf5 g6 31. Nxh4 Nxe3 32. Kb2 Nxd5 33. Kb3 Nb6
34. Nf3 h6 35. Nd2 d5 36. Nf3 Nc4 37. a4 Kg7 38. Ne1 g5 39. Nd3 e4 40. Nc5 e3 0-1

[Event "Reykjavik Open 2026"]
[Site "Reykjavik ISL"]
[Date "2026.03.28"]
[Round "6.60"]
[White "Labruyere, Robert Nirina"]
[Black "Birkisson, Bjorn Holm"]
[Result "0-1"]
[BlackTitle "CM"]
[WhiteElo "1836"]
[BlackElo "2200"]
[WhiteFideId "285943"]
[BlackFideId "2310600"]
[EventDate "2026.03.25"]

1. d4 Nf6 2. Nf3 e6 3. e3 b6 4. Bd3 Bb7 5. Nbd2 d5 6. O-O Nbd7 7. Re1 Ne4 8. c3
Bd6 9. Qc2 f5 10. b3 O-O 11. g3 Ndf6 12. Ne5 Nc5 13. Bf1 Bxe5 14. dxe5 Ng4 15.
f4 d4 16. Nc4 Qd5 17. Bg2 Qxg2+ 18. Qxg2 Bxg2 19. Kxg2 dxc3 20. h3 Nh6 21. Ba3
Nd3 22. Bxf8 Nxe1+ 23. Rxe1 Kxf8 24. b4 b5 25. Na5 Rd8 26. Rc1 Rd2+ 27. Kf3 g5
28. Rxc3 g4+ 29. hxg4 Nxg4 0-1

[Event "Reykjavik Open 2026"]
[Site "Reykjavik ISL"]
[Date "2026.03.28"]
[Round "6.61"]
[White "Helgadottir, Idunn"]
[Black "Wall, Tim P"]
[Result "0-1"]
[WhiteTitle "WCM"]
[BlackTitle "FM"]
[WhiteElo "1831"]
[BlackElo "2189"]
[WhiteFideId "2314118"]
[BlackFideId "401641"]
[EventDate "2026.03.25"]

1. d4 Nf6 2. Nf3 e6 3. e3 a6 4. Bd3 b5 5. O-O Bb7 6. Nbd2 c5 7. c3 Nc6 8. e4 Qc7
9. a3 d6 10. Re1 e5 11. d5 Ne7 12. a4 c4 13. Bc2 Rb8 14. Nf1 Nd7 15. Be3 g6 16.
Qe2 Bg7 17. N3d2 O-O 18. Rec1 f5 19. f3 Nb6 20. axb5 axb5 21. b3 Ra8 22. Kh1
cxb3 23. Bxb3 Ba6 24. Ra2 Rfc8 25. Rca1 Qb7 26. Qf2 Nd7 27. Bg5 Nc5 28. Bc2 f4
29. Qh4 Kf7 30. Qh3 h6 31. Bh4 g5 32. Bf2 Ke8 33. Nb1 Na4 34. Qe6 Rd8 35. Nfd2
Qc7 36. Qh3 Bc8 37. g4 fxg3 38. Qxg3 Bd7 39. Qg1 Ng6 40. c4 Nf4 41. cxb5 Nh3 42.
Qf1 Nxf2+ 43. Qxf2 Nb6 44. Na3 Rdc8 45. Bd3 Qc3 46. Bf1 Rab8 47. Nab1 Qb4 48.
Ra6 Qd4 49. Kg1 Rc2 50. Qxd4 exd4 51. Bd3 Rc1+ 52. Kg2 Be5 53. Nb3 Re1 54. N1d2
Re3 55. Nc1 g4 56. R1a2 h5 57. fxg4 Bxg4 58. Nf1 Rh3 59. Be2 Bd7 60. R6a3 Rh4
61. Bd3 Ke7 62. Ng3 Rg4 63. Be2 Rg5 64. h4 Rg7 65. Bxh5 Nc4 66. Rf3 Rh8 67. Kf2
Bxg3+ 68. Rxg3 Rxg3 69. Kxg3 Rxh5 70. Ne2 d3 71. Nf4 Rh6 72. Nxd3 Bxb5 73. Nf4
Ne5 74. Ra7+ Kf6 75. Rb7 Bd7 76. Rb6 Ke7 77. Rb7 Rh8 78. Ne6 Rg8+ 79. Ng5 Nd3
80. Kf3 Nc5 81. Rb2 Rf8+ 82. Ke3 Ra8 83. Rd2 Ra4 84. Kf4 Kf6 85. Nh7+ Kg7 86.
Ng5 Kg6 87. Re2 Nd3+ 88. Kg3 Ne5 89. Re3 Ra1 0-1

[Event "Reykjavik Open 2026"]
[Site "Reykjavik ISL"]
[Date "2026.03.28"]
[Round "6.62"]
[White "Grettisson, Arnar Breki"]
[Black "Lyutsinger, Iren"]
[Result "0-1"]
[BlackTitle "FM"]
[WhiteElo "1808"]
[BlackElo "2182"]
[WhiteFideId "2322790"]
[BlackFideId "34425969"]
[EventDate "2026.03.25"]

1. e4 c5 2. Nc3 e6 3. Nge2 Nc6 4. g3 Nf6 5. Bg2 Be7 6. O-O O-O 7. f4 d5 8. e5
Nd7 9. d3 f6 10. exf6 Nxf6 11. Kh1 Rb8 12. a4 a6 13. f5 d4 14. Ne4 Nxe4 15. dxe4
exf5 16. Nf4 Bd6 17. exf5 Bxf5 18. Bd2 Qd7 19. Qh5 Ne7 20. Rae1 Bxf4 21. Bxf4
Rbe8 22. Re5 Bg4 23. Qh4 Ng6 24. Rxe8 Rxe8 25. Qg5 Bh3 26. Bxh3 Qxh3 27. Qd5+
Kh8 28. Rg1 h6 29. Qg2 Qxg2+ 30. Rxg2 Nxf4 31. gxf4 Re1+ 32. Rg1 Rxg1+ 33. Kxg1
Kh7 34. a5 Kg6 35. Kf2 Kf5 36. Kf3 c4 37. h3 h5 38. b3 d3 39. Ke3 dxc2 0-1

[Event "Reykjavik Open 2026"]
[Site "Reykjavik ISL"]
[Date "2026.03.28"]
[Round "6.63"]
[White "McMillan, Felix"]
[Black "ADU, Oladapo"]
[Result "0-1"]
[BlackTitle "IM"]
[WhiteElo "1795"]
[BlackElo "2173"]
[WhiteFideId "150098722"]
[BlackFideId "8500258"]
[EventDate "2026.03.25"]

1. e4 c5 2. Nc3 e6 3. f4 a6 4. Nf3 Nc6 5. g3 d5 6. Bg2 Nf6 7. e5 Ng8 8. d4 cxd4
9. Nxd4 Nxd4 10. Qxd4 Ne7 11. O-O Nf5 12. Qd3 Bc5+ 13. Kh1 h5 14. h4 Bd7 15. a4
Rc8 16. Ne2 Ba7 17. c3 Qa5 18. b4 Qc7 19. Bd2 g6 20. Kh2 Qd8 21. Bh3 Ne7 22. Be3
Bb6 23. Bxb6 Qxb6 24. Nd4 Rc4 25. Rfc1 O-O 26. Rg1 Rfc8 27. Ra3 a5 28. Ne2 axb4
29. cxb4 Rxb4 30. Rg2 Bxa4 31. g4 hxg4 32. Bxg4 Bb5 33. Qh3 Bxe2 34. Bxe2 Rxf4
35. h5 Qd4 36. Bg4 Qxe5 37. Re3 Re4+ 38. Reg3 Kg7 39. hxg6 fxg6 40. Bh5 Rh8 41.
Bxg6 Rxh3+ 42. Kxh3 Nxg6 0-1

[Event "Reykjavik Open 2026"]
[Site "Reykjavik ISL"]
[Date "2026.03.28"]
[Round "6.65"]
[White "Ornolfsson, Magnus P."]
[Black "Knight, David"]
[Result "1-0"]
[WhiteTitle "CM"]
[WhiteElo "2160"]
[BlackElo "1888"]
[WhiteFideId "2301016"]
[BlackFideId "1040839"]
[EventDate "2026.03.25"]

1. d4 d5 2. Nf3 e6 3. Bf4 c6 4. e3 f5 5. Nbd2 Nf6 6. h3 Bd6 7. Ne5 O-O 8. Bd3
Qe7 9. Qe2 Ne4 10. O-O-O Nxd2 11. Qxd2 Nd7 12. g4 Nxe5 13. dxe5 Bb4 14. c3 Ba5
15. Rdg1 b5 16. Kb1 b4 17. c4 Qc5 18. Qc2 g6 19. h4 Ba6 20. cxd5 Bxd3 21. Qxd3
Qxd5 22. Qxd5 cxd5 23. h5 Rf7 24. hxg6 hxg6 25. gxf5 exf5 26. Rxg6+ Rg7 27. Rhh6
Kf7 28. Rf6+ Ke7 29. Rxf5 Rc8 30. Rff6 Bb6 31. Rd6 Rc4 32. Rh1 Bc7 33. Rxd5 1-0

[Event "Reykjavik Open 2026"]
[Site "Reykjavik ISL"]
[Date "2026.03.28"]
[Round "6.66"]
[White "Ernisson, Petur Ulfar"]
[Black "Bartczak, Korneliusz"]
[Result "0-1"]
[WhiteElo "1738"]
[BlackElo "2120"]
[WhiteFideId "2326116"]
[BlackFideId "2523558"]
[EventDate "2026.03.25"]

1. e4 c6 2. d4 d5 3. e5 Bf5 4. h4 h5 5. Bg5 Qb6 6. Bd3 Qxd4 7. Nf3 Qg4 8. Bxf5
Qxf5 9. O-O e6 10. c4 Be7 11. cxd5 cxd5 12. Qb3 Nd7 13. Qxb7 Rb8 14. Qxa7 Bxg5
15. Nxg5 Ne7 16. Nc3 f6 17. Nf3 Nc6 18. Qc7 Ncxe5 19. Nxe5 fxe5 20. Nb5 Qf8 21.
Na7 Qc5 22. Qxc5 Nxc5 23. Rac1 Nd3 24. Rc7 O-O 25. b3 Rb4 26. g3 e4 27. Nc6 Rb6
28. Ne7+ Kh7 29. Rc6 Rxc6 30. Nxc6 Rc8 31. Nd4 e5 32. Ne6 Rc2 33. a4 Kg6 34. Ra1
Nxf2 35. a5 Nh3+ 36. Kh1 e3 37. a6 e2 38. a7 Nf2+ 39. Kg2 Nd1 40. Rc1 Ra2 41.
Nf4+ exf4 42. Rc6+ Kf5 43. g4+ hxg4 44. a8=Q Rxa8 0-1

[Event "Reykjavik Open 2026"]
[Site "Reykjavik ISL"]
[Date "2026.03.28"]
[Round "6.67"]
[White "Montalti, Gianluca"]
[Black "Sorensen, Per Settergren"]
[Result "0-1"]
[WhiteElo "1737"]
[BlackElo "2110"]
[WhiteFideId "39900169"]
[BlackFideId "1413872"]
[EventDate "2026.03.25"]

1. e4 c6 2. d4 d5 3. exd5 cxd5 4. c4 Nf6 5. Nc3 g6 6. cxd5 Bg7 7. Bb5+ Nbd7 8.
Nf3 O-O 9. O-O a6 10. Ba4 Nb6 11. Bb3 Nbxd5 12. Ne5 Be6 13. Re1 Rc8 14. Bd2 Qd6
15. Qf3 Rfd8 16. a3 Nc7 17. Bxe6 Nxe6 18. d5 Nd4 19. Qd3 Nb3 20. Rad1 Nxd2 21.
Rxd2 Rc7 22. Nc4 Qf4 23. b3 Ne8 24. g3 Qg5 25. Ne4 Qf5 26. a4 Nf6 27. d6 exd6
28. Ncxd6 Nxe4 29. Rxe4 Qh3 30. Qb1 Rcd7 31. Qd1 Qh5 32. g4 Qc5 33. Re8+ Rxe8
34. Nxe8 Rxd2 35. Qxd2 Qc8 36. Qe2 Bd4 37. g5 Qc1+ 38. Kg2 Qxg5+ 39. Kf1 Qc1+
40. Kg2 Qc6+ 41. Kf1 Qh1# 0-1

[Event "Reykjavik Open 2026"]
[Site "Reykjavik ISL"]
[Date "2026.03.28"]
[Round "6.68"]
[White "Heidarsson, Arnar Milutin"]
[Black "Lu, Karson"]
[Result "0-1"]
[WhiteElo "2099"]
[BlackElo "1827"]
[WhiteFideId "2312875"]
[BlackFideId "2661756"]
[EventDate "2026.03.25"]

1. d4 d5 2. c4 c6 3. cxd5 cxd5 4. Nc3 Nf6 5. Nf3 Nc6 6. Bf4 e6 7. e3 Bd6 8. Bg5
h6 9. Bxf6 Qxf6 10. Bd3 O-O 11. O-O Rd8 12. Rc1 Bd7 13. a3 Rac8 14. Nd2 Ne7 15.
Qb3 e5 16. dxe5 Qxe5 17. g3 Bh3 18. Rfe1 Qf6 19. f4 Bc5 20. Nf3 Bxe3+ 21. Rxe3
d4 22. Nxd4 Qxd4 23. Re1 Be6 24. Qxb7 Nd5 25. Nxd5 Bxd5 26. Qb4 Bc4 27. Bf5 Rc5
28. Bb1 Rc6 29. b3 Re6 30. Kf2 Qb2+ 31. Kf3 Bd5+ 32. Be4 Rxe4 0-1

[Event "Reykjavik Open 2026"]
[Site "Reykjavik ISL"]
[Date "2026.03.28"]
[Round "6.69"]
[White "Jakubek, Peter"]
[Black "Chilton, James I"]
[Result "1-0"]
[WhiteElo "2098"]
[BlackElo "1790"]
[WhiteFideId "14901048"]
[BlackFideId "423009"]
[EventDate "2026.03.25"]

1. Nf3 d5 2. d4 Nf6 3. e3 Bf5 4. c4 c6 5. Nc3 e6 6. Bd3 Bg6 7. Bxg6 hxg6 8. Qe2
Nbd7 9. h3 Ne4 10. Nxe4 dxe4 11. Nd2 f5 12. f3 Qh4+ 13. Qf2 exf3 14. Nxf3 Qf6
15. Bd2 Bd6 16. Bc3 Qe7 17. O-O-O Nf6 18. Nd2 a5 19. Qf3 a4 20. e4 Bb4 21. Rhe1
a3 22. b3 O-O 23. exf5 Bxc3 24. Qxc3 gxf5 25. Re2 b5 26. Rde1 b4 27. Qe3 Kf7 28.
Qf4 g5 29. Qxg5 Rg8 30. Qxf5 Rxg2 31. Rxe6 Qd8 32. Rf1 Rg6 33. Nf3 Ra5 34. Ne5+
Rxe5 35. Qxe5 c5 36. Rfxf6+ Rxf6 37. Qxf6+ 1-0

[Event "Reykjavik Open 2026"]
[Site "Reykjavik ISL"]
[Date "2026.03.28"]
[Round "6.70"]
[White "Parsheh, Arshia"]
[Black "Erdmann, Stefan"]
[Result "1-0"]
[WhiteElo "1712"]
[BlackElo "2097"]
[WhiteFideId "30967473"]
[BlackFideId "4663470"]
[EventDate "2026.03.25"]

1. d4 d5 2. c4 c6 3. cxd5 cxd5 4. Bf4 Nc6 5. Nc3 Nf6 6. e3 Bf5 7. Qb3 Na5 8.
Qa4+ Bd7 9. Qc2 e6 10. Bd3 Rc8 11. Nf3 Nc6 12. a3 Be7 13. O-O Nh5 14. Be5 f6 15.
Bg3 f5 16. Be5 Nf6 17. Rac1 O-O 18. Bxf6 Bxf6 19. b4 Qe8 20. Qb1 Qh5 21. Qa2 Kh8
22. b5 Ne7 23. Ne2 Qe8 24. Qb2 Ng6 25. Rxc8 Qxc8 26. g3 Qc7 27. Rc1 Qd6 28. Qb4
Be7 29. Qxd6 Bxd6 30. Nf4 Nxf4 31. gxf4 Rc8 32. Rxc8+ Bxc8 33. a4 Bd7 34. Ne5
Be8 35. f3 Bb4 36. Kf2 Bc3 37. Ke2 h6 38. Bc2 g6 39. Kd3 Bb2 40. Ke2 Kg7 41. Nd3
Ba3 42. Nc5 Bxc5 43. dxc5 Kf6 44. Kd3 g5 45. fxg5+ hxg5 46. Kd4 Bd7 47. f4 g4
48. Bd3 Bc8 49. a5 Bd7 50. a6 bxa6 51. c6 a5 52. cxd7 Ke7 53. b6 axb6 54. Bb5
Kd8 55. Ke5 Ke7 56. Ba4 Kd8 57. Kxe6 1-0

[Event "Reykjavik Open 2026"]
[Site "Reykjavik ISL"]
[Date "2026.03.28"]
[Round "6.71"]
[White "Krishay Jain"]
[Black "Dillenschneider, Antoine"]
[Result "1-0"]
[WhiteElo "2097"]
[BlackElo "1787"]
[WhiteFideId "25129597"]
[BlackFideId "527032787"]
[EventDate "2026.03.25"]

1. e4 c6 2. d4 d5 3. e5 Bf5 4. Nd2 e6 5. Nb3 Nd7 6. Nf3 Ne7 7. Be2 h6 8. O-O Bh7
9. a4 Nf5 10. a5 a6 11. c3 Be7 12. g4 Nh4 13. Nxh4 Bxh4 14. f4 f5 15. gxf5 Bxf5
16. Bg4 O-O 17. Bxf5 Rxf5 18. Qg4 Be7 19. Be3 Qe8 20. Rf3 Qh5 21. Qg2 Raf8 22.
Rh3 Qf7 23. Kh1 Kh7 24. Rg1 Rg8 25. Rg3 Bh4 26. Rg4 Be7 27. Nd2 c5 28. Nf3 g6
29. Qc2 Qe8 30. dxc5 Bxc5 31. Bxc5 Nxc5 32. Nh4 Ne4 33. Nxf5 exf5 34. R4g2 Qc6
35. Qd3 Rg7 36. Qd4 Nc5 37. c4 Rd7 38. cxd5 Rxd5 39. Qc4 b5 40. axb6 Qb7 41. b4
Ne6 42. Rc1 h5 43. Qc6 Qxc6 44. Rxc6 Nxf4 45. e6 Nh3 46. Rc1 Kg7 47. e7 Kf7 48.
b7 Rb5 49. e8=B+ 1-0